FIFA World Cup 2018 Results - Statistics

General Stats
  • This quiz has been taken 98 times
  • The average score is 58 of 64
Answer Stats
Team 1 Answer Team 2 % Correct
France 2-1 Australia
99%
Germany 2-1 Sweden
99%
Saudi Arabia 2-1 Egypt
99%
Uruguay 2-1 Portugal
99%
Croatia 2-1 England
99%
Egypt 0-1 Uruguay
98%
Morocco 0-1 Iran
98%
Peru 0-1 Denmark
98%
Costa Rica 0-1 Serbia
98%
Germany 0-1 Mexico
98%
Iran 0-1 Spain
98%
Japan 0-1 Poland
98%
Senegal 0-1 Colombia
98%
England 0-1 Belgium
98%
Portugal 3-3 Spain
98%
Argentina 1-1 Iceland
96%
Brazil 1-1 Switzerland
96%
Denmark 1-1 Australia
96%
Iran 1-1 Portugal
96%
Tunisia 1-2 England
96%
Colombia 1-2 Japan
96%
Poland 1-2 Senegal
96%
Serbia 1-2 Switzerland
96%
South Korea 1-2 Mexico
96%
Iceland 1-2 Croatia
96%
Nigeria 1-2 Argentina
96%
Panama 1-2 Tunisia
96%
Brazil 1-2 Belgium
96%
Japan 2-2 Senegal
96%
Spain 2-2 Morocco
96%
Switzerland 2-2 Costa Rica
96%
Sweden 1-0 South Korea
95%
Uruguay 1-0 Saudi Arabia
95%
Portugal 1-0 Morocco
95%
France 1-0 Peru
95%
Sweden 1-0 Switzerland
95%
France 1-0 Belgium
95%
Belgium 3-0 Panama
94%
Uruguay 3-0 Russia
94%
Russia 3-1 Egypt
94%
France 4-2 Croatia
94%
Russia 5-0 Saudi Arabia
94%
Argentina 0-3 Croatia
93%
Poland 0-3 Colombia
93%
Mexico 0-3 Sweden
93%
Croatia 2-0 Nigeria
93%
Brazil 2-0 Costa Rica
93%
Nigeria 2-0 Iceland
93%
South Korea 2-0 Germany
93%
Brazil 2-0 Mexico
93%
Belgium 2-0 England
93%
Belgium 3-2 Japan
93%
Australia 0-2 Peru
92%
Serbia 0-2 Brazil
92%
Uruguay 0-2 France
92%
Sweden 0-2 England
92%
France 4-3 Argentina
92%
Denmark 0-0 France
89%
England 6-1 Panama
89%
Belgium 5-2 Tunisia
86%
Spain 1-1 (3-4) Russia
33%
Colombia 1-1 (3-4) England
33%
Russia 2-2 (3-4) Croatia
31%
Croatia 1-1 (3-2) Denmark
29%
No matching quizzes found
Score Distribution
Percent of People with Each Score
Percentile by Number Answered
Your Score History
You have not taken this quiz